000
00302 a2200121 4500
000
nam a22 7a 4500
005
20260428101130.0
020
_a
9781803095417
100
_a
Giorgio Agamben
_9
293391
245
_a
The Human Voice
260
_b
The University of Chicago Press
_c
2025
942
_c
TEXL
999
_c
1848584
_d
1848584